000 00473ntaaa2200169 4500
003 01
005 20251027203044.0
008 0714s1973 ag 01
040 _aAR-BaBN
_bspa
_cAR-BaBN
_eaacr
_dRIC
082 _a796.3340 H62
245 _aHistoria de los 5 grandes del fútbol argentino
250 _a1 ed.
260 _aBuenos Aires :
_bTalleres Gráficos Castromán Hnos,
_c1941
300 _a255 p. ;
_cfotos.; 18 cm
650 _aFutbol--Argentina
_931717
942 _cBK
999 _c25913
_d25913